000 00328nam a2200109Ia 4500
008 231129s9999||||xx |||||||||||||| ||spa||
020 _a84-89213-29-1
082 _a923.2 V648v
245 0 _aVida y obra de polí­ticos y gobernantes
264 _aBogotá Colombia : Forja
942 _2ddc
_cBKS
999 _c26304
_d26304